Memórias do cárcere : / (Registro nro. 22365)
[ vista simple ]
| 000 -CABECERA | |
|---|---|
| campo de control de longitud fija | 00511nam a2200181 a 4500 |
| 001 - NÚMERO DE CONTROL | |
| campo de control | 000022868 |
| 005 - FECHA Y HORA DE LA ÚLTIMA TRANSACCIÓN | |
| campo de control | 20200930021839.0 |
| 008 - DATOS DE LONGITUD FIJA--INFORMACIÓN GENERAL | |
| campo de control de longitud fija | 101119s1986 po r 000 0 por d |
| 040 ## - FUENTE DE LA CATALOGACIÓN | |
| Centro catalogador/agencia de origen | DO-SdBNP |
| Lengua de catalogación | spa |
| Centro/agencia transcriptor | BNPHU |
| 082 ## - NÚMERO DE LA CLASIFICACIÓN DECIMAL DEWEY | |
| Número de clasificación | B869.4 |
| Número de documento/Ítem | R175m, 1986 |
| 049 ## - FONDOS LOCALES (OCLC) | |
| Fondos de biblioteca | BNGR |
| 100 1# - ENTRADA PRINCIPAL--NOMBRE DE PERSONA | |
| Nombre de persona | Ramos, Graciliano, |
| Fechas asociadas al nombre | 1892-1953 |
| 9 (RLIN) | 27661 |
| 245 10 - MENCIÓN DE TÍTULO | |
| Título | Memórias do cárcere : / |
| Mención de responsabilidad, etc. | Graciliano Ramos. |
| 250 ## - MENCIÓN DE EDICIÓN | |
| Mención de edición | 21a ed. |
| 260 ## - PUBLICACIÓN, DISTRIBUCIÓN, ETC. | |
| Lugar de publicación, distribución, etc. | São Paulo : |
| Nombre del editor, distribuidor, etc. | Record, |
| Fecha de publicación, distribución, etc. | 1986. |
| 300 ## - DESCRIPCIÓN FÍSICA | |
| Extensión | v.2 ; |
| Dimensiones | 21 cm. |
| 650 #4 - PUNTO DE ACCESO ADICIONAL DE MATERIA--TÉRMINO DE MATERIA | |
| Término de materia o nombre geográfico como elemento de entrada | Literatura portuguesa |
| 9 (RLIN) | 12952 |
| Estado de retiro | Estado de pérdida | Restricciones de uso | No para préstamo | Código de colección | Localización permanente | Ubicación/localización actual | Ubicación en estantería | Fecha de adquisición | Número de inventario | Total de préstamos | Signatura topográfica completa | Código de barras | Fecha visto por última vez | Precio válido a partir de | Tipo de ítem Koha |
|---|---|---|---|---|---|---|---|---|---|---|---|---|---|---|---|
| Préstamo interno | Monografías: Libros y Folletos | General | General | En catalogación | 19.11.2010 | LF1 | B869.4 R175m, 1986 | 22868-10 | 25.06.2020 | 25.06.2020 | Préstamo interno |
